| 000 | nam a22 7a 4500 | ||
|---|---|---|---|
| 999 |
_c330368 _d330368 |
||
| 003 | NUST | ||
| 005 | 20170622131718.0 | ||
| 008 | 170622b xxu||||| |||| 00| 0 eng d | ||
| 040 | _cNUST | ||
| 041 | _hurdu | ||
| 082 |
_a297.63 _bHAI |
||
| 100 |
_aAbdul Hai _93110 |
||
| 245 |
_aUswah Rasool -e Akram SAW _ccompile by Abdullah Hai |
||
| 260 |
_aLahore: _bMaktabah Madina, |
||
| 300 | _a568 p. | ||
| 650 |
_aSeerat un Nabi- Biography _93111 |
||
| 880 |
_6100-01\(3\r _aعبد الحی |
||
| 880 |
_6245-02\(3\r _aاسوہ رسول اکرم ﷺ _cتالیف: عبد الحی |
||
| 880 |
_6260-03\(3\r _aلاہور: _bمکتبہ مدنیہ |
||
| 942 |
_2ddc _cBK |
||